Teach yourself Gujarati (Record no. 224828)
[ view plain ]
| 000 -LEADER | |
|---|---|
| fixed length control field | 00522nam a22001937a 4500 |
| 005 - DATE AND TIME OF LATEST TRANSACTION | |
| control field | 20221013093218.0 |
| 008 - FIXED-LENGTH DATA ELEMENTS--GENERAL INFORMATION | |
| fixed length control field | 221013b ||||| |||| 00| 0 eng d |
| 040 ## - CATALOGING SOURCE | |
| Transcribing agency | AL |
| 041 ## - LANGUAGE CODE | |
| Language code of text/sound track or separate title | eng |
| 082 ## - DEWEY DECIMAL CLASSIFICATION NUMBER | |
| Edition number | 23 |
| Classification number | 491.47 |
| Item number | KAPT |
| 100 ## - MAIN ENTRY--PERSONAL NAME | |
| Personal name | S M Kapadia |
| 100 ## - MAIN ENTRY--PERSONAL NAME | |
| 9 (RLIN) | 59463 |
| 245 ## - TITLE STATEMENT | |
| Title | Teach yourself Gujarati |
| 260 ## - PUBLICATION, DISTRIBUTION, ETC. | |
| Place of publication, distribution, etc. | Bombay |
| Name of publisher, distributor, etc. | D B Taraporeval Sons & Co. Pvt Ltd |
| Date of publication, distribution, etc. | 1963 |
| 300 ## - PHYSICAL DESCRIPTION | |
| Extent | 216p. |
| Other physical details | PB |
| Dimensions | 13x10cm. |
| 650 ## - SUBJECT ADDED ENTRY--TOPICAL TERM | |
| Topical term or geographic name entry element | Languages |
| 9 (RLIN) | 59464 |
| 650 ## - SUBJECT ADDED ENTRY--TOPICAL TERM | |
| Topical term or geographic name entry element | English Gujarathi |
| 9 (RLIN) | 59465 |
| 700 ## - ADDED ENTRY--PERSONAL NAME | |
| Personal name | KAPADIA (S M) |
| 9 (RLIN) | 59466 |
| 942 ## - ADDED ENTRY ELEMENTS (KOHA) | |
| Source of classification or shelving scheme | Dewey Decimal Classification |
| Koha item type | George Fernandes Collections |
| Withdrawn status | Lost status | Source of classification or shelving scheme | Damaged status | Not for loan | Collection code | Home library | Current library | Date acquired | Total Checkouts | Full call number | Barcode | Date last seen | Price effective from | Koha item type |
|---|---|---|---|---|---|---|---|---|---|---|---|---|---|---|
| Dewey Decimal Classification | Others | St Aloysius Library | St Aloysius Library | 03/24/2013 | 491.47 KAPT | GF02446 | 10/13/2022 | 10/13/2022 | George Fernandes Collections |